Online
Catalog

La ley y la moral en las relaciones entre Estados / (Record no. 22786)

MARC details
000 -CABECERA
campo de control de longitud fija 00901nam a2200241 a 4500
001 - NÚMERO DE CONTROL
campo de control 000023289
005 - FECHA Y HORA DE LA ÚLTIMA TRANSACCIÓN
campo de control 20250710122910.0
008 - DATOS DE LONGITUD FIJA--INFORMACIÓN GENERAL
campo de control de longitud fija 101201s1985 mx 000 0 spa d
020 ## - NÚMERO INTERNACIONAL ESTÁNDAR DEL LIBRO
ISBN cancelado o inválido 9684093342
040 ## - FUENTE DE LA CATALOGACIÓN
Centro catalogador/agencia de origen DO-SdBNP
Lengua de catalogación spa
Centro/agencia transcriptor BNPHU
041 17 - CÓDIGO DE LENGUA
Código de lengua del texto/banda sonora o título independiente spa
Código de lengua original eng
Fuente del código Código de idioma MARC.
082 ## - NÚMERO DE LA CLASIFICACIÓN DECIMAL DEWEY
Número de clasificación 340.112
Número de documento/Ítem N224L
049 ## - FONDOS LOCALES (OCLC)
Fondos de biblioteca BNGR
100 1# - ENTRADA PRINCIPAL--NOMBRE DE PERSONA
Nombre de persona Nardin, Terry
9 (RLIN) 47957
240 10 - TÍTULO UNIFORME
Título uniforme Law, morality and the relations of states.
Lenguaje de la obra Español.
245 13 - MENCIÓN DE TÍTULO
Título La ley y la moral en las relaciones entre Estados /
Mención de responsabilidad, etc. Terry Nardin ; traducción de Aurora Merino del Villar.
260 ## - PUBLICACIÓN, DISTRIBUCIÓN, ETC.
Lugar de publicación, distribución, etc. México :
Nombre del editor, distribuidor, etc. EDAMEX,
Fecha de publicación, distribución, etc. 1985.
300 ## - DESCRIPCIÓN FÍSICA
Extensión 302 p. ;
Dimensiones 20 cm.
504 ## - NOTA DE BIBLIOGRAFÍA, ETC.
Nota de bibliografía, etc. Incluye referencias bibliográficas y notas al pie de las páginas.
534 ## - NOTA SOBRE LA VERSIÓN ORIGINAL
Frase introductoria Título de la obra en inglés:
Mención de título del original Law, morality and the relations of states
650 #0 - PUNTO DE ACCESO ADICIONAL DE MATERIA--TÉRMINO DE MATERIA
Término de materia o nombre geográfico como elemento de entrada Derecho y ética
9 (RLIN) 9512
700 1# - PUNTO DE ACCESO ADICIONAL--NOMBRE DE PERSONA
Nombre de persona Merino del Villar, Aurora,
Término indicativo de función/relación tr.
9 (RLIN) 47958
Holdings
Estado de retiro Estado de pérdida Restricciones de uso No para préstamo Código de colección Localización permanente Ubicación/localización actual Ubicación en estantería Fecha de adquisición Número de inventario Total de préstamos Signatura topográfica completa Código de barras Fecha visto por última vez Precio válido a partir de Tipo de ítem Koha Número de copia
    Préstamo interno   Monografías: Libros y Folletos General General En catalogación 01.12.2010 LF1   340.112 N224L 23289-10 25.06.2020 25.06.2020 Préstamo interno  
    Préstamo interno Préstamo restrigido Monografías: Libros y Folletos General General En catalogación 03.03.2011 LF1   340.112 N224L 23289-20 25.06.2020 25.06.2020 Préstamo interno e.2

Powered by Koha